Statistiken für Alle Vereine der Deutschen 1. Fußball-Bundesliga seit 1963

Klicken Sie hier um das Quiz zu spielen!

Allgemein

  • Dieses Quiz wurde 7.577 mal gespielt
    (7.125 seit der letzten Aktualisierung)
  • Das Durchschnittsergebnis liegt bei 36 aus 56

Antwortstatistiken

SaisonsVerein% Korrekt
56Borussia Dortmund
99%
56FC Bayern München
99%
55Hamburger SV
97%
57Werder Bremen
95%
53FC Schalke 04
94%
38Hertha BSC
94%
5RB Leipzig
93%
491. FC Köln
92%
53VfB Stuttgart
92%
2Union Berlin
91%
42Bayer 04 Leverkusen
89%
53Borussia Mönchengladbach
89%
52Eintracht Frankfurt
89%
21SC Freiburg
85%
24VfL Wolfsburg
84%
331. FC Nürnberg
83%
151. FSV Mainz 05
83%
34VfL Bochum
83%
10FC Augsburg
82%
441. FC Kaiserslautern
81%
1SpVgg Greuther Fürth
81%
30Hannover 96
79%
26Fortuna Düsseldorf
78%
13TSG Hoffenheim
78%
4Dynamo Dresden
77%
17Arminia Bielefeld
75%
8FC St. Pauli
75%
201860 München
74%
4SV Darmstadt 98
72%
21Eintracht Braunschweig
69%
12Hansa Rostock
67%
24Karlsruher SC
64%
1SC Paderborn 07
64%
7Rot-Weiss Essen
61%
2FC Ingolstadt 04
58%
28MSV Duisburg
58%
4Alemannia Aachen
54%
7Waldhof Mannheim
54%
51. FC Saarbrücken
53%
1Tasmania Berlin
49%
6Energie Cottbus
45%
7Kickers Offenbach
43%
1Preußen Münster
39%
1SSV Ulm 1846
36%
14KFC Uerdingen 05
34%
2SpVgg Unterhaching
34%
4Rot-Weiß Oberhausen
31%
2Stuttgarter Kickers
28%
4SG Wattenscheid 09
26%
2Tennis Borussia Berlin
26%
3Wuppertaler SC
26%
3FC 08 Homburg
22%
1Fortuna Köln
22%
1VfB Leipzig
20%
1Blau-Weiß 90 Berlin
19%
3Borussia Neunkirchen
17%

Verteilung der Resultate

Perzentil nach korrekt beantworteten Fragen

Anzahl Personen mit jedem Resultat

Ihre Resultats-Entwicklung

Sie haben dieses Quiz seit der letzten Aktualisierung nicht gespielt